Res Diplomática (RD) (Registro nro. 8647)
[ vista simple ]
| 000 -LEADER | |
|---|---|
| fixed length control field | 01111nas a2200265 454500 |
| 001 - CONTROL NUMBER | |
| control field | 28358 |
| 005 - DATE AND TIME OF LATEST TRANSACTION | |
| control field | 20260407193507.0 |
| 008 - FIXED-LENGTH DATA ELEMENTS--GENERAL INFORMATION | |
| fixed length control field | 260407s2007####ag###########|||spa#d |
| 003 - CONTROL NUMBER IDENTIFIER | |
| control field | AR-UNSa-BCEJYS |
| 040 ## - CATALOGING SOURCE | |
| Original cataloging agency | AR-UNSa-BCEJYS |
| Language of cataloging | spa |
| Transcribing agency | AR-UNSa-BCEJYS |
| 080 ## - UNIVERSAL DECIMAL CLASSIFICATION NUMBER | |
| Universal Decimal Classification number | 327 |
| Common auxiliary subdivision | Relaciones internacionales. Política internacional. Asuntos internacionales. Política exterior<br/> |
| 022 ## - INTERNATIONAL STANDARD SERIAL NUMBER | |
| International Standard Serial Number | 1667-2879 |
| 100 1# - MAIN ENTRY--PERSONAL NAME | |
| Personal name | Argentina. Ministerio de Relaciones Exteriores, Comercio Internacional y Culto. Instituto del Servicio Exterior de la Nación (ISEN) |
| 245 10 - TITLE STATEMENT | |
| Title | Res Diplomática (RD) |
| 264 #1 - PRODUCTION, PUBLICATION, DISTRIBUTION, MANUFACTURE, AND COPYRIGHT NOTICE | |
| Place of production, publication, distribution, manufacture | Buenos Aires : |
| Name of producer, publisher, distributor, manufacturer | Instituto del Servicio Exterior de la Nación |
| Date of production, publication, distribution, manufacture, or copyright notice | 2007 |
| 310 ## - CURRENT PUBLICATION FREQUENCY | |
| Current publication frequency | Frecuencia: Irregular<br/>En el año 2007 comienza la Segunda Epoca |
| 590 ## - LOCAL NOTE (RLIN) | |
| Local note | niveau_biblio:s niveau_hierar:1 |
| 650 ## - SUBJECT ADDED ENTRY--TOPICAL TERM | |
| Topical term or geographic name entry element | Diplomacia |
| 650 ## - SUBJECT ADDED ENTRY--TOPICAL TERM | |
| Topical term or geographic name entry element | Política exterior |
| 650 ## - SUBJECT ADDED ENTRY--TOPICAL TERM | |
| Topical term or geographic name entry element | Relaciones internacionales |
| 650 ## - SUBJECT ADDED ENTRY--TOPICAL TERM | |
| Topical term or geographic name entry element | Globalización |
| 700 1# - ADDED ENTRY--PERSONAL NAME | |
| Personal name | Semán, Ernesto |
| 856 41 - ELECTRONIC LOCATION AND ACCESS | |
| Uniform Resource Identifier | <a href="https://biblioeco.unsa.edu.ar/pmb/images/revistas/Derechos Humanos y un nuevo orden global-r13727.jpg">https://biblioeco.unsa.edu.ar/pmb/images/revistas/Derechos Humanos y un nuevo orden global-r13727.jpg</a> |
| Link text | Imagen de portada |
| Electronic format type | image/jpeg |
| 942 ## - ADDED ENTRY ELEMENTS (KOHA) | |
| Koha item type | |
| Withdrawn status | Lost status | Damaged status | Not for loan | Home library | Current library | Shelving location | Date acquired | Serial enumeration / chronology | Total checkouts | Full call number | Barcode | Date last seen | Price effective from | Koha item type |
|---|---|---|---|---|---|---|---|---|---|---|---|---|---|---|
| Biblioteca Prof. Eusebio Cleto del Rey | Biblioteca Prof. Eusebio Cleto del Rey | 01/05/2015 | Nº 1 - mayo 2015 | H327 RES 1.2015 | R17432 | 10/04/2026 | 10/04/2026 | Numero | ||||||
| Biblioteca Prof. Eusebio Cleto del Rey | Biblioteca Prof. Eusebio Cleto del Rey | 01/06/2008 | Nº 3 - jun. 2008 | H327 RES 3.2008 | R13738 | 10/04/2026 | 10/04/2026 | Numero | ||||||
| Biblioteca Prof. Eusebio Cleto del Rey | Biblioteca Prof. Eusebio Cleto del Rey | 01/12/2007 | Nº 2 - dic. 2007 | H327 RES 2.2007 | R13737 | 10/04/2026 | 10/04/2026 | Numero | ||||||
| Biblioteca Prof. Eusebio Cleto del Rey | Biblioteca Prof. Eusebio Cleto del Rey | 01/08/2007 | Nº 1 - ago. 2007 | H327 RES 1.2007 | R13727 | 10/04/2026 | 10/04/2026 | Numero |